Президенты США - Statistics

General Stats
  • This quiz has been taken 80 times
  • The average score is 16 of 45
Answer Stats
Picture Answer % Correct
Дональд Трамп
97%
Джозеф Байден
95%
Джордж Вашингтон
86%
Джон Кеннеди
84%
Барак Обама
84%
Авраам Линкольн
83%
Теодор Рузвельт
73%
Джордж Уокер Буш
73%
Джордж Герберт Уокер Буш
73%
Франклин Рузвельт
70%
Уильям Клинтон
63%
Ричард Никсон
60%
Рональд Рейган
52%
Гарри С. Трумэн
51%
Дуайт Эйзенхауэр
41%
Томас Джефферсон
37%
Джон Куинси Адамс
30%
Джон Адамс
30%
Джеймс Картер
30%
Джеральд Форд
25%
Линдон Джонсон
25%
Эндрю Джонсон
25%
Эндрю Джексон
22%
Герберт Гувер
22%
Джеймс Мэдисон
17%
Уильям Тафт
17%
Уильям Гаррисон
17%
Бенджамин Гаррисон
17%
Джеймс Монро
17%
Стивен Гровер Кливленд
14%
Закари Тейлор
14%
Томас Вудро Вилсон
14%
Уильям Маккинли
14%
Джеймс Гарфилд
14%
Юлиссес Грант
14%
Франклин Пирс
13%
Джеймс Бьюкенен
13%
Ратерфорд Хейс
10%
Честер Алан Артур
8%
Джон Калвин Кулидж
8%
Джон Тайлер
8%
Уоррен Гардинг
8%
Джеймс Полк
6%
Мартин Ван-Бурен
5%
Миллард Филмор
5%
No matching quizzes found
Score Distribution
Percent of People with Each Score
Percentile by Number Answered
Your Score History
You have not taken this quiz